El Destello - Martin Urrutia y Juanjo Bona - Estadísticas

Estadísticas generales
  • Esta prueba ha sido intentada 27 veces
  • La puntuación promedio es 227 de 245
Estadísticas de respuestas
Hint Respuesta % Correcto
- a
100%
- cuatro
100%
- digo
100%
- e
100%
- la
100%
- me
100%
- mi
100%
-
100%
- miro
100%
- no
100%
- pienso
100%
- que
100%
-
100%
- segundos
100%
- si
100%
- Te
100%
- te
100%
- y
100%
- atrás
94%
- de
94%
- destello
94%
- dicho
94%
- el
94%
- es
94%
- está
94%
- fuerte
94%
- hace
94%
- has
94%
- hay
94%
- lo
94%
- mirada
94%
- oído
94%
- para
94%
- pero
94%
- suene
94%
- tan
94%
- trueno
94%
- vimos
94%
- vuelta
94%
- ya
94%
- cuando
88%
- en
88%
- entre
88%
- evitas
88%
- hablas
88%
- he
88%
- lado
88%
- nada
88%
- tantas
88%
-
88%
- yo
88%
- abajo
82%
- aquí
82%
- arriba
82%
- derecha
82%
- estás
82%
- gusta
82%
- horizontal
82%
- importa
82%
- izquierda
82%
- leído
82%
- palabras
82%
- silbas
82%
- sitio
82%
- tengo
82%
- al
76%
- creo
76%
- dormido
76%
- hablo
76%
- más
76%
- ver
76%
- algo
71%
- cómo
71%
- divago
71%
- estoy
71%
- improvisas
71%
- inventas
71%
- miras
71%
- mismo
71%
- mucho
71%
- pasa
71%
- sigo
71%
- texto
71%
- vago
71%
- visto
71%
- hoy
59%
- Tralaralalalalala
18%
No se encontraron pruebas coincidentes
Distribución de puntuación
Porcentaje de gente con cada puntuación
Porcentaje por número respondido
Historial de tus puntuaciones
No has intentado esta prueba.